000
00208 a2200109 4500
020
_a
9780778314745
041
_a
eng
100
_a
Wiggs Susan
245
_a
Caudleleght Christmas
942
_c
BK
952
_7
1
999
_c
21604
_d
21604